000 00299nam a22001337a 4500
008 181011b xxu||||| |||| 00| 0 eng d
020 _a0043000487
041 _aeng
080 _a316
100 _a50
101 _aSOC
245 _aSocial Theory and Political Practice
_cFay,B
942 _2udc
_cBK
999 _c49337
_d49337